Vyhodnotenie účinnosti hospodárskej politiky pomocou magického štvoruholníka

Vyhodnotenie účinnosti hospodárskej politiky v roku 2000 vzhľadom na rok 1998 a rok 1999 pomocou magického štvoruholníka. Vyhodnotenie účinnosti hospodárskej politiky na báze štyroch kritérií - štyroch makroekonomických ukazovateľov: priemerné ročné tempo rastu HDP, podiel salda platobnej bilancie n...

Descripción completa

Guardado en:
Detalles Bibliográficos
Autor principal: Viktorínová, Božena
Otros Autores: Valko, Stanislav, Velikanič, Vladimír
Formato: Capítulo de libro
Lenguaje:eslovaco
Materias:
Etiquetas: Agregar Etiqueta
Sin Etiquetas, Sea el primero en etiquetar este registro!

MARC

LEADER 00000naa a2200000 4500
001 r043172
005 20220729111049.0
041 0 |a slo 
044 |a SK 
245 1 0 |a Vyhodnotenie účinnosti hospodárskej politiky pomocou magického štvoruholníka  |c Božena Viktorínová, Stanislav Valko, Vladimír Velikanič 
520 |a Vyhodnotenie účinnosti hospodárskej politiky v roku 2000 vzhľadom na rok 1998 a rok 1999 pomocou magického štvoruholníka. Vyhodnotenie účinnosti hospodárskej politiky na báze štyroch kritérií - štyroch makroekonomických ukazovateľov: priemerné ročné tempo rastu HDP, podiel salda platobnej bilancie na HDP, priemerná ročná miera inflácie, priemerná ročná miera nezamestnanosti. 
610 2 0 |a politika hospodárska 
610 2 0 |a účinnosť ekonomická 
610 2 0 |a ukazovatele makroekonomické 
610 2 0 |a teórie ekonomické 
610 2 0 |a produkt domáci hrubý 
610 2 0 |a bilancia platobná 
610 2 0 |a miera inflácie 
610 2 0 |a miera nezamestnanosti 
610 2 0 |a Slovensko 
610 2 0 |a 1998 
610 2 0 |a 1999 
610 2 0 |a 2000 
100 1 |a Viktorínová, Božena 
700 1 |a Valko, Stanislav 
700 1 |a Velikanič, Vladimír